000 00630nam a2200229 4500
001 71771
003 BD-RjUL
005 20211209082147.0
008 170507r19671963enkaf b 001 0 eng d
035 _a(BD-RjUL)71987
040 _aVRC
_cVRC
_dOCL
_dBD-RjUL
_beng
041 _aeng
082 _223
_a535
_bDIL 1967
100 1 _aDitchburn, R. W.
_9212326
245 1 0 _aLight /
_cby R. W. Ditchburn.
250 _a2nd ed.
260 _aLondon :
_bBlackie and Son,
_c1963, [Reprinted 1967]
300 _axxvi, 833 p. :
_bill ;
_c21 cm.
504 _aIncludes bibliography and index.
650 0 _aLight
_9212327
942 _2ddc
_cBK
999 _c71771
_d71771